Finančné ukazovatele podnikov poskytujúcich udržateľnú zdieľanú "zelenú" dopravu
Charakteristika verejnej cestnej dopravy (MHD) zabezpečovaná dopravnými podnikmi, ktoré poskytujú občanom mestskú hromadnú dopravu a sú vlastnené samosprávami kraja, v ktorom pôsobia. Analýza finančnej situácie dopravných podnikov a komparácia dosiahnutých výsledkov v priestore a čase.
Guardado en:
| Autor principal: | |
|---|---|
| Otros Autores: | |
| Formato: | Capítulo de libro |
| Lenguaje: | eslovaco |
| Materias: | |
| Etiquetas: |
Sin Etiquetas, Sea el primero en etiquetar este registro!
|
MARC
| LEADER | 00000naa a2200000 4500 | ||
|---|---|---|---|
| 001 | 0277335 | ||
| 005 | 20260326133024.4 | ||
| 041 | 0 | |a slo | |
| 044 | |a SK | ||
| 245 | 1 | 0 | |a Finančné ukazovatele podnikov poskytujúcich udržateľnú zdieľanú "zelenú" dopravu |c Monika Raková, Vladimír Hojdik |
| 520 | |a Charakteristika verejnej cestnej dopravy (MHD) zabezpečovaná dopravnými podnikmi, ktoré poskytujú občanom mestskú hromadnú dopravu a sú vlastnené samosprávami kraja, v ktorom pôsobia. Analýza finančnej situácie dopravných podnikov a komparácia dosiahnutých výsledkov v priestore a čase. | ||
| 610 | 2 | 0 | |a doprava verejná |
| 610 | 2 | 0 | |a doprava zdieľaná |
| 610 | 2 | 0 | |a doprava zelená |
| 610 | 2 | 0 | |a financie |
| 610 | 2 | 0 | |a podnik dopravný |
| 610 | 2 | 0 | |a kraje |
| 610 | 2 | 0 | |a samospráva |
| 610 | 2 | 0 | |a doprava hromadná mestská |
| 100 | 1 | |a Raková, Monika, 1991- | |
| 700 | 1 | |a Hojdik, Vladimír, 1992- | |